| 000 | 00419nam a2200145 a 4500 | ||
|---|---|---|---|
| 001 | 000031860 | ||
| 005 | 20200930063234.0 | ||
| 008 | 110706s200u dr c 000 0 spa d | ||
| 040 |
_aDO-SdBNP _bspa _cBNPHU |
||
| 082 |
_axxxx _bP153n |
||
| 245 | 0 | 0 | _aPalacio Nacional, República Dominicana. |
| 260 |
_a[Santo Domingo : _bPresidencia de la República, _c200u?]. |
||
| 300 |
_a[25 p.] : _bretrs. ; _c16 cm. |
||
| 049 | _aBNPD | ||
| 999 |
_c31352 _d31352 |
||